[Event "38th Olympiad"]
[Site "Dresden GER"]
[Date "2008.11.21"]
[Round "8"]
[White "Santa Torres,J"]
[Black "Georgiev,Ves"]
[Result "1/2-1/2"]
[WhiteElo "2233"]
[BlackElo "2372"]
[EventDate "2008.11.13"]

1. d4 Nf6 2. c4 g6 3. Nc3 Bg7 4. e4 d6 5. Be2 O-O 6. Bg5 Na6 7. Qd2 c6 8.
O-O-O Qa5 9. Kb1 e5 10. d5 cxd5 11. Nxd5 Qxd2 12. Nxf6+ Bxf6 13. Bxd2 Kg7
14. Be3 Be7 15. Bd3 f5 16. exf5 gxf5 17. f4 Nb4 18. Be2 e4 19. Nh3 Be6 20.
Nf2 Rfc8 21. Rc1 d5 22. a3 Nc6 23. cxd5 Bxd5 24. Rhd1 Rd8 25. h3 Bb3 26.
Rxd8 Rxd8 27. g4 Be6 28. Rd1 Rxd1+ 29. Bxd1 Bf6 30. Kc1 Na5 31. Be2 a6 32.
b4 Nb3+ 33. Kb1 Kg6 34. Nd1 Nd4 35. Bxd4 Bxd4 36. Kc2 b5 37. Kd2 Bb3 38.
Ne3 fxg4 39. Bxg4 Kf6 40. Bc8 Bb2 41. Bxa6 Bxa3 42. Kc3 Be6 43. h4 Bc1 44.
Kd4 Bd7 45. Bb7 Bd2 46. Bxe4 Kg7 47. Nd5 Bc6 48. Kc5 Bxd5 49. Bxd5 h5 50.
f5 Kf6 51. Be4 Be1 52. Kxb5 Bxh4 53. Kc4 Be1 54. b5 h4 55. b6 h3 56. b7 Bg3
57. Kd5 1/2-1/2

[Event "38th Olympiad"]
[Site "Dresden GER"]
[Date "2008.11.21"]
[Round "8"]
[White "Bermudez Adams,W"]
[Black "Salov,S"]
[Result "0-1"]
[WhiteElo "2169"]
[BlackElo "2269"]
[EventDate "2008.11.13"]

1. e4 c5 2. Nc3 e6 3. f4 Nc6 4. Nf3 a6 5. g3 d5 6. Bg2 dxe4 7. Nxe4 Be7 8.
d3 Nf6 9. O-O Qc7 10. c3 O-O 11. Qe2 b6 12. Be3 Bb7 13. Kh1 a5 14. Rfe1
Rad8 15. Rad1 Ba6 16. Qc2 Rd7 17. d4 cxd4 18. Nxd4 Nxd4 19. Bxd4 Rfd8 20.
Be5 Rxd1 21. Rxd1 Rxd1+ 22. Qxd1 Qc4 23. Bxf6 gxf6 24. Qd7 Qd3 25. Qe8+ Kg7
26. h4 Bb7 27. Qxe7 Bxe4 28. Bxe4 Qxe4+ 29. Kh2 Qe2+ 30. Kh3 Qf1+ 31. Kh2
Qf2+ 32. Kh3 Qxb2 33. Qc7 h5 34. a4 b5 35. Qxa5 Qa1 36. Qa8 bxa4 37. g4
Qxc3+ 38. Kh2 Qc2+ 39. Kh3 Qb3+ 40. Kh2 hxg4 0-1

[Event "38th Olympiad"]
[Site "Dresden GER"]
[Date "2008.11.21"]
[Round "8"]
[White "Rowe,P"]
[Black "Agnelo,A"]
[Result "1/2-1/2"]
[WhiteElo "2053"]
[BlackElo "2168"]
[EventDate "2008.11.13"]

1. d4 Nf6 2. Nf3 c5 3. e3 g6 4. c3 b6 5. Be2 Bg7 6. O-O O-O 7. b3 Bb7 8.
Nbd2 cxd4 9. cxd4 Nc6 10. Bb2 Rc8 11. Rc1 d6 12. a3 d5 13. Bb5 a6 14. Bd3
Qd6 15. Qe2 Nb8 16. Ne5 Nfd7 17. Nxd7 Qxd7 18. f4 Rxc1 19. Rxc1 Rc8 20.
Rxc8+ Qxc8 21. Nf3 e6 22. Ne5 Nc6 23. Qc2 Nxe5 24. Qxc8+ Bxc8 25. dxe5 Bf8
26. Bd4 Bxa3 27. Bxb6 Kf8 28. Kf2 Ke8 29. Ke2 Bb4 30. Kd1 Kd7 31. Kc2 Kc6
32. Bd4 a5 33. Bb2 Bd7 34. Bc3 Bxc3 35. Kxc3 Kc5 36. h4 Bc6 37. g3 Bb5 38.
Bc2 Be2 39. Bb1 h6 40. Bc2 h5 41. Bb1 1/2-1/2

[Event "38th Olympiad"]
[Site "Dresden GER"]
[Date "2008.11.21"]
[Round "8"]
[White "Domingos,E"]
[Black "Hamperl,F"]
[Result "1/2-1/2"]
[WhiteElo "2198"]
[BlackElo "2076"]
[EventDate "2008.11.13"]

1. d4 Nf6 2. Nf3 c5 3. e3 g6 4. Be2 Bg7 5. O-O b6 6. Ne5 Bb7 7. Bf3 Qc7 8.
c3 O-O 9. Na3 d6 10. Nec4 Nbd7 11. Nb5 Qb8 12. a4 a6 13. Nba3 Bxf3 14. Qxf3
b5 15. Na5 Qb6 16. Nc6 e6 17. axb5 axb5 18. Nc4 bxc4 19. Ne7+ Kh8 20. Rxa8
d5 21. dxc5 Qxc5 22. Rxf8+ Nxf8 23. Nxd5 exd5 24. e4 dxe4 25. Qe2 Ne6 26.
Be3 Qb5 27. Ra1 Qd5 28. Rd1 Qh5 29. Qxh5 Nxh5 30. Rd6 Be5 31. Rc6 Nhf4 32.
Rxc4 f5 33. g3 Nd3 34. b4 Nc7 35. Bd4 Bxd4 36. Rxd4 Nb5 37. Rd8+ Kg7 38. c4
Na3 39. b5 Nxc4 40. Rb8 Nde5 41. Rb7+ Kf6 42. Rxh7 Ke6 43. h4 Kd5 44. h5
gxh5 45. Rxh5 Nd6 46. b6 Kc6 47. Rh6 Nef7 48. Rg6 Kxb6 49. g4 Kc5 50. gxf5
Nxf5 51. Ra6 Ne5 52. Ra4 Nd4 53. Kf1 Kd5 54. Ra5+ Ke6 55. Ra4 Nef3 56. Ra5
Nd2+ 57. Kg2 N2f3 58. Kg3 Ne2+ 59. Kg2 Nfd4 60. Ra8 Ke5 61. Re8+ Ne6 62.
Kf1 N2f4 63. Ra8 Nd4 64. Ra5+ Nd5 65. Ke1 Nc2+ 66. Kd2 Ncb4 67. Ra8 Nc6 68.
Ra4 Ndb4 69. f3 exf3 70. Ke3 Nd4 71. Rxb4 Nc2+ 72. Kxf3 Nxb4 1/2-1/2

[Event "38th Olympiad"]
[Site "Dresden GER"]
[Date "2008.11.21"]
[Round "8"]
[White "Sousa,A"]
[Black "Brookfield,T"]
[Result "1-0"]
[WhiteElo "2210"]
[BlackElo "1763"]
[EventDate "2008.11.13"]

1. e4 c5 2. Nf3 d6 3. Nc3 Nf6 4. d4 cxd4 5. Nxd4 g6 6. Be2 Bg7 7. O-O O-O
8. Nb3 Nc6 9. Bg5 a6 10. a4 b6 11. f4 Bb7 12. Bf3 Nd7 13. Rb1 Rc8 14. Nd5
Re8 15. c3 Na5 16. Nd4 Nc4 17. Re1 b5 18. axb5 Bxd5 19. exd5 axb5 20. Kh1
Nf6 21. b3 Na5 22. Nxb5 Qd7 23. c4 Nb7 24. Nd4 h5 25. h3 Ra8 26. Re2 e6 27.
dxe6 fxe6 28. Bc6 Qf7 29. Bxe8 Rxe8 30. Nb5 Rd8 31. Qc2 Rd7 32. Rbe1 e5 33.
fxe5 dxe5 34. Rxe5 Ng4 35. Re8+ Kh7 36. hxg4 1-0

[Event "38th Olympiad"]
[Site "Dresden GER"]
[Date "2008.11.21"]
[Round "8"]
[White "Sorensen,To"]
[Black "Yueh Wei Po"]
[Result "1-0"]
[WhiteElo "2383"]
[BlackElo "1920"]
[EventDate "2008.11.13"]

1. Nf3 d5 2. d4 Nf6 3. c4 c6 4. Qc2 e6 5. g3 Be7 6. Bg2 O-O 7. O-O Nbd7 8.
b3 Re8 9. Rd1 Ne4 10. Ne1 f5 11. Bb2 Ndf6 12. Nd3 Bd7 13. f3 Nd6 14. Ne5
Rc8 15. c5 Nf7 16. Nd3 b6 17. cxb6 axb6 18. b4 Bd6 19. f4 Qe7 20. Qb3 Rc7
21. a4 Rb8 22. Ba3 Ne4 23. Nd2 Nh6 24. Ne5 Nf7 25. Rac1 Rbc8 26. Nd3 Nh6
27. Ne5 Nf7 28. Nxe4 fxe4 29. Rc2 Nh6 30. Rdc1 Nf5 31. e3 Qe8 32. g4 Ne7
33. b5 Bxa3 34. Qxa3 g6 35. Qd6 Kg7 36. Bf1 Kg8 37. bxc6 Nxc6 38. Bb5 Nxe5
39. Rxc7 Rxc7 40. Rxc7 Nf3+ 41. Kh1 Bxb5 42. axb5 1-0

[Event "38th Olympiad"]
[Site "Dresden GER"]
[Date "2008.11.21"]
[Round "8"]
[White "Chen Yan Fong"]
[Black "Pace,C"]
[Result "0-1"]
[WhiteElo "1865"]
[BlackElo "2148"]
[EventDate "2008.11.13"]

1. Nf3 g6 2. g3 Bg7 3. Bg2 f5 4. c4 Nf6 5. Nc3 d6 6. d4 O-O 7. O-O Qe8 8.
Be3 Ng4 9. Nd5 Nxe3 10. Nxe3 c6 11. Qb3 Kh8 12. Rab1 Na6 13. Nd1 e5 14. e3
Nc7 15. Nc3 Ne6 16. d5 Nc5 17. Qd1 e4 18. Ne1 Qe7 19. Qd2 a5 20. Kh1 Bd7
21. Nc2 Be5 22. Nd4 Qg7 23. Nde2 Rfb8 24. f4 exf3 25. Bxf3 Re8 26. Nd4 Ne4
27. Qd3 c5 28. Nde2 Nf6 29. b3 Re7 30. Rbe1 Rae8 31. Nd1 Qh6 32. Kg1 Ng8
33. Bg2 Bf6 34. Nf4 Qg7 35. Qd2 b6 36. Re2 Nh6 37. Rfe1 Nf7 38. e4 Bd4+ 39.
Kh1 Ne5 40. Nf2 Ng4 41. Nxg4 Bc3 42. Qd3 Bxe1 43. Rxe1 fxg4 44. Rf1 Rf8 45.
Kg1 Ref7 46. Qe2 g5 47. Nd3 Rxf1+ 48. Bxf1 Qd4+ 49. Kg2 Re8 50. Nf2 Bf5 51.
Kg1 Rxe4 52. Qc2 Re5 53. Qc1 Bg6 54. a3 Re3 55. a4 Qc3 56. Qd1 Rf3 57. Bg2
Rf8 58. Bf1 Bc2 59. Qxg4 Qe3 0-1

[Event "38th Olympiad"]
[Site "Dresden GER"]
[Date "2008.11.21"]
[Round "8"]
[White "Borg,A"]
[Black "Ho Men Wei"]
[Result "1-0"]
[WhiteElo "2112"]
[BlackElo "1550"]
[EventDate "2008.11.13"]

1. Nf3 Nf6 2. c4 c5 3. Nc3 Nc6 4. g3 e6 5. Bg2 d5 6. cxd5 exd5 7. d4 Be6 8.
O-O Be7 9. b3 O-O 10. Bb2 Qc8 11. Rc1 b6 12. dxc5 bxc5 13. Na4 Nd7 14. Ba3
c4 15. Bxe7 Nxe7 16. bxc4 dxc4 17. Ng5 Rb8 18. Nxe6 fxe6 19. Qd6 Kf7 20.
Qf4+ Ke8 21. Qxc4 Qxc4 22. Rxc4 Kd8 23. Rd1 Rf5 24. Nc5 Nd5 25. Nxe6+ Ke7
26. Bxd5 Rxd5 27. Rxd5 Kxe6 28. Ra5 Nb6 29. Re4+ Kf6 30. Rxa7 Nd5 31. Rc4
Rg8 32. e4 Ne7 33. f4 h6 34. Ra6+ Kf7 35. Rc7 Re8 36. Raa7 Kf6 37. Rxe7
Rxe7 38. Rxe7 Kxe7 39. Kf2 Kd6 40. Ke3 Ke6 41. Kd4 Kd6 42. a4 Kc7 43. Kc5
Kb7 44. e5 Kc7 45. a5 Kc8 46. e6 Kd8 47. Kd6 Kc8 48. e7 Kb7 49. e8=Q Ka6
50. Kc5 Kb7 51. Qc6+ Ka7 52. Qc7+ Ka8 53. a6 1-0

[Event "38th Olympiad"]
[Site "Dresden GER"]
[Date "2008.11.21"]
[Round "8"]
[White "Ho Hou Meng,H"]
[Black "Zerafa,P"]
[Result "0-1"]
[WhiteElo "1926"]
[BlackElo "2065"]
[EventDate "2008.11.13"]

1. c4 Nf6 2. Nc3 g6 3. g3 Bg7 4. Bg2 O-O 5. d4 d6 6. Bg5 Na6 7. Qd2 Re8 8.
e3 h6 9. Bxf6 Bxf6 10. Nge2 Bg7 11. O-O c5 12. Rfd1 Rb8 13. Nb5 Be6 14. d5
Bd7 15. a4 Ra8 16. Nec3 Nb4 17. Ne4 Bg4 18. f3 Bf5 19. f4 a6 20. Nbc3 Rb8
21. h3 Bd7 22. Bf1 f5 23. Nf2 e5 24. dxe6 Rxe6 25. Bg2 Kh7 26. Bd5 Nxd5 27.
Nxd5 Bc6 28. Ra3 b5 29. axb5 axb5 30. b3 bxc4 31. bxc4 Rb2 32. Qd3 Qb8 33.
Rd2 Rb1+ 34. Kh2 Re8 35. Nd1 Bxd5 36. Qxd5 Rxd1 0-1

[Event "38th Olympiad"]
[Site "Dresden GER"]
[Date "2008.11.21"]
[Round "8"]
[White "Pesqueira,J"]
[Black "Mannhart,M"]
[Result "1/2-1/2"]
[WhiteElo "1985"]
[BlackElo "2154"]
[EventDate "2008.11.13"]

1. d4 Nf6 2. c4 Nc6 3. Nf3 e6 4. Nc3 Bb4 5. e3 d6 6. Qc2 O-O 7. Bd3 e5 8.
d5 Ne7 9. e4 Nd7 10. Be3 Nc5 11. O-O Ng6 12. a3 Bxc3 13. Qxc3 Nxd3 14. Qxd3
f5 15. exf5 Bxf5 16. Qd2 Bd7 17. Ng5 Nf4 18. Ne4 Qe8 19. f3 b6 20. Kh1 Qg6
21. b4 Bf5 22. Bxf4 exf4 23. Qxf4 Rae8 24. Qh4 Bxe4 25. fxe4 Qxe4 26. Rxf8+
Kxf8 27. Rf1+ Kg8 28. Qf2 Qe7 29. h3 h6 30. Qc2 Qe4 31. Qxe4 Rxe4 32. Rc1
Re3 33. c5 dxc5 34. bxc5 bxc5 35. Rxc5 Rxa3 36. Rxc7 1/2-1/2

[Event "38th Olympiad"]
[Site "Dresden GER"]
[Date "2008.11.21"]
[Round "8"]
[White "Frick,R"]
[Black "Croes,O"]
[Result "1-0"]
[WhiteElo "2145"]
[BlackElo "1980"]
[EventDate "2008.11.13"]

1. e4 c5 2. Nf3 Nc6 3. d4 cxd4 4. Nxd4 Nf6 5. Nc3 g6 6. Be3 Bg7 7. f3 O-O
8. g4 d5 9. g5 Nh5 10. exd5 Nb4 11. Bc4 Qc7 12. Bb3 Rd8 13. a3 Qe5 14. Qd2
Na6 15. O-O-O Nc5 16. Ba2 a6 17. f4 Qc7 18. Qf2 Bd7 19. d6 exd6 20. Nd5 Qa5
21. Nb3 Nxb3+ 22. Bxb3 Re8 23. Bb6 Qb5 24. Nc7 Re2 25. Nxb5 Rxf2 26. Nxd6
Rxf4 27. Nxf7 Be8 28. Nd6+ Kh8 29. Rhe1 Bc6 30. Nf7+ Kg8 31. Re7 Bf8 32.
Rc7 Rb8 33. Bd4 Bg7 34. Nd8+ Kh8 35. Rxg7 Rxd4 36. Rg8+ 1-0

[Event "38th Olympiad"]
[Site "Dresden GER"]
[Date "2008.11.21"]
[Round "8"]
[White "Lopez,Jus"]
[Black "Guller,A"]
[Result "0-1"]
[WhiteElo "1948"]
[BlackElo "2117"]
[EventDate "2008.11.13"]

1. e4 c5 2. Nf3 e6 3. d4 cxd4 4. Nxd4 a6 5. Nc3 Qc7 6. Be3 Bb4 7. Qd2 Nf6
8. f3 d5 9. exd5 Nxd5 10. Nde2 Nxe3 11. Qxe3 O-O 12. O-O-O Nd7 13. g4 b5
14. h4 Bb7 15. Ne4 Rac8 16. c3 Rfd8 17. h5 Bc5 18. Nxc5 Qxc5 19. Qxc5 Nxc5
20. Rh3 e5 21. Ng1 f6 22. Rh2 Kf7 23. Rhd2 Rxd2 24. Rxd2 Ke7 25. Be2 Ne6
26. Kb1 Nf4 27. Bd1 Rc5 28. Bb3 e4 29. Rd4 Re5 30. Bc2 exf3 0-1

[Event "38th Olympiad"]
[Site "Dresden GER"]
[Date "2008.11.21"]
[Round "8"]
[White "Muendle,K"]
[Black "Jacobusse,W"]
[Result "1/2-1/2"]
[WhiteElo "1928"]
[BlackElo "1999"]
[EventDate "2008.11.13"]

1. d4 d5 2. Nf3 e6 3. c4 Be7 4. Nc3 Nf6 5. Bg5 h6 6. Bh4 O-O 7. e3 b6 8.
Bd3 Nbd7 9. O-O Bb7 10. Rc1 Rc8 11. Qe2 c5 12. cxd5 Nxd5 13. Bxe7 Qxe7 14.
Ba6 Bxa6 15. Qxa6 Nxc3 16. Rxc3 Rc7 17. Rfc1 Rfc8 18. Qd3 Nf6 19. a3 cxd4
20. Nxd4 Rxc3 21. Rxc3 Rxc3 22. Qxc3 Qd7 23. Qc6 e5 24. Qxd7 Nxd7 25. Nc6
a5 26. Ne7+ Kf8 27. Nd5 f6 28. Kf1 Kf7 29. Ke2 Ke6 30. e4 Kd6 1/2-1/2

[Event "38th Olympiad"]
[Site "Dresden GER"]
[Date "2008.11.21"]
[Round "8"]
[White "Nakapunda,O"]
[Black "Gilruth,P"]
[Result "0-1"]
[WhiteElo "2083"]
[BlackElo "2185"]
[EventDate "2008.11.13"]

1. d4 d5 2. c4 c6 3. Nc3 dxc4 4. a4 Nf6 5. e4 e5 6. dxe5 Qxd1+ 7. Nxd1 Nxe4
8. Bxc4 Bb4+ 9. Ke2 O-O 10. f3 Nc5 11. f4 Nbd7 12. Be3 Nb6 13. Bxc5 Bxc5
14. Bb3 Nd5 15. Bxd5 cxd5 16. Nc3 f6 17. Nf3 fxe5 18. fxe5 Be6 19. Nb5 Rad8
20. Rac1 b6 21. Rhd1 Bg4 22. Nbd4 Rde8 23. Kd3 Rf4 24. Kc3 a5 25. h3 Bc8
26. Kd3 Ba6+ 27. Ke3 Re4+ 28. Kf2 Re2+ 29. Kg3 Rxb2 30. Re1 Rb4 31. Nf5
Rxa4 32. Nd6 Re7 33. Nf5 Re8 34. Nd6 Rd8 35. Nf5 Bd3 36. N3h4 g6 37. Nh6+
Kg7 38. Ng4 Re8 39. Nf3 Be4 40. Rf1 Ra3 41. Rce1 h5 42. Nf6 Rxe5 43. Nxd5
Bxf3 0-1

[Event "38th Olympiad"]
[Site "Dresden GER"]
[Date "2008.11.21"]
[Round "8"]
[White "Magana,B"]
[Black "Mueller,Le"]
[Result "1-0"]
[WhiteElo "2141"]
[BlackElo "2199"]
[EventDate "2008.11.13"]

1. e4 g6 2. d4 Bg7 3. Nc3 d6 4. f4 a6 5. Nf3 b5 6. a3 Nd7 7. e5 Bb7 8. Bd3
c5 9. exd6 cxd4 10. Ne4 Nh6 11. dxe7 Qxe7 12. O-O O-O 13. Re1 Rfe8 14. Bd2
Nf5 15. Bb4 Qd8 16. Nd6 Nxd6 17. Bxd6 Rxe1+ 18. Qxe1 Bxf3 19. gxf3 Qb6 20.
Bb4 Nf6 21. Qe5 Re8 22. Qd6 Qb7 23. Kf2 h5 24. Re1 Re3 25. Rxe3 dxe3+ 26.
Ke2 Qd5 27. Qb8+ Kh7 28. f5 Qd4 29. fxg6+ fxg6 30. Qg3 Qxb2 31. Bxg6+ Kh8
32. Qb8+ Ng8 33. Qc8 Qf6 34. Qf5 Qc6 35. Qxh5+ Nh6 36. Be4 Qc4+ 37. Bd3 Qf4
38. Qh3 Be5 39. Be4 Bc7 40. Bc3+ Kg8 41. Qc8+ Kf7 42. Qd7+ Kf8 43. Qg7+ Ke8
44. Bc6+ 1-0

[Event "38th Olympiad"]
[Site "Dresden GER"]
[Date "2008.11.21"]
[Round "8"]
[White "Eichab,C"]
[Black "Gateri,M"]
[Result "1-0"]
[WhiteElo "2066"]
[BlackElo "2189"]
[EventDate "2008.11.13"]

1. e4 c5 2. Nf3 d6 3. d4 cxd4 4. Nxd4 Nf6 5. Nc3 a6 6. a4 e5 7. Nb3 Be6 8.
Bg5 Nbd7 9. Be2 Be7 10. O-O O-O 11. Be3 Nc5 12. Nxc5 dxc5 13. Qxd8 Rfxd8
14. f3 h6 15. g4 g5 16. a5 Kg7 17. Na4 Rac8 18. c4 Kg6 19. Kg2 h5 20. h3
Rc7 21. b4 Nd7 22. b5 Nf6 23. Rfb1 hxg4 24. hxg4 Bd7 25. Nc3 Bf8 26. bxa6
bxa6 27. Rb6 Rc6 28. Nd5 Rdc8 29. Rh1 Rxb6 30. Nxb6 Rc6 31. Rh8 Kg7 32. Rh1
Kg6 33. Rb1 Be6 34. Nd5 Nd7 35. Rb7 Bd6 36. Bd1 Nb8 37. Ba4 Rc8 38. Kf2
Bxd5 39. exd5 Rd8 40. Rb6 f6 41. Rxd6 Rxd6 42. Bxc5 Rd8 43. Bb6 Rc8 44. c5
Kf7 45. Ke3 Rh8 46. c6 Rc8 47. c7 Ke7 48. cxb8=Q Rxb8 49. Bc7 1-0

[Event "38th Olympiad"]
[Site "Dresden GER"]
[Date "2008.11.21"]
[Round "8"]
[White "Kawuma,S"]
[Black "Hook,W"]
[Result "1-0"]
[WhiteElo "2156"]
[BlackElo "2035"]
[EventDate "2008.11.13"]

1. e4 e6 2. d3 d5 3. Nd2 Nf6 4. g3 b6 5. Bg2 Bb7 6. e5 Nfd7 7. Ngf3 c5 8.
O-O Nc6 9. Re1 Qc7 10. Qe2 Be7 11. Nf1 O-O 12. Bf4 b5 13. h4 Rfc8 14. N1h2
Nb6 15. Bh3 Bf8 16. Rac1 Qd7 17. h5 d4 18. Ng5 Ne7 19. Ng4 h6 20. Ne4 Bxe4
21. dxe4 Kh8 22. Nh2 Ng8 23. Nf3 Rd8 24. Rcd1 Nc4 25. Bc1 Qc7 26. b3 Nxe5
27. Nxe5 Qxe5 28. Bf4 Qf6 29. e5 Qe7 30. Qxb5 Rab8 31. Qd3 Qc7 32. c3 Qa5
33. cxd4 Qxa2 34. Ra1 Qxb3 35. Qxb3 Rxb3 36. Rxa7 cxd4 37. Rxf7 Bb4 38. Rd1
Ne7 39. Bxe6 Rb2 40. Bg4 d3 41. e6 d2 42. Be5 Rc2 43. Bxg7+ Kg8 44. Bxh6
Rdc8 45. Bxd2 Bxd2 46. Rxe7 Bb4 47. Rf7 Rc1 48. Rxc1 Rxc1+ 49. Kg2 1-0

[Event "38th Olympiad"]
[Site "Dresden GER"]
[Date "2008.11.21"]
[Round "8"]
[White "Kawuma,M"]
[Black "Christopher,A"]
[Result "1-0"]
[WhiteElo "2204"]
[BlackElo "1679"]
[EventDate "2008.11.13"]

1. d4 d5 2. Nf3 Nf6 3. e3 Bf5 4. c4 c6 5. Be2 e6 6. O-O Be7 7. Nc3 O-O 8.
Nh4 Bg6 9. Nxg6 hxg6 10. b3 Nbd7 11. Bb2 Rc8 12. Bf3 b6 13. Qd2 c5 14. cxd5
cxd4 15. exd4 Bb4 16. dxe6 Ne5 17. Qe3 Nxf3+ 18. Qxf3 fxe6 19. Ne4 Qd5 20.
Nxf6+ gxf6 21. Qxd5 exd5 22. Rfc1 Kf7 23. Rxc8 Rxc8 24. Rc1 Rxc1+ 25. Bxc1
Bc3 26. Be3 b5 27. Kf1 f5 28. Ke2 f4 29. Bxf4 Bxd4 30. Be3 Be5 31. Bxa7
Bxh2 32. g3 Ke6 33. Kf3 Ke5 34. Kg2 Bxg3 35. Kxg3 Ke4 36. a4 b4 37. Bc5 Kd3
38. Bxb4 Kc2 39. a5 Kxb3 40. Be1 1-0

[Event "38th Olympiad"]
[Site "Dresden GER"]
[Date "2008.11.21"]
[Round "8"]
[White "Faulks,N"]
[Black "Fancy,S"]
[Result "0-1"]
[WhiteElo "2100"]
[BlackElo "2128"]
[EventDate "2008.11.13"]

1. e4 c5 2. Nf3 e6 3. d4 cxd4 4. Nxd4 Nf6 5. Nc3 Nc6 6. Nxc6 bxc6 7. e5 Nd5
8. Ne4 Qc7 9. f4 f5 10. Ng5 Ba6 11. Bxa6 Qa5+ 12. Bd2 Qxa6 13. Qe2 Qb6 14.
b3 Qd4 15. c3 Nxc3 16. Qe3 Qxe3+ 17. Bxe3 Nd5 18. Bd2 Bc5 19. Ke2 a5 20.
Rhc1 Bb4 21. Rc4 O-O 22. Nf3 Rfb8 23. Ne1 Kf7 24. Rd1 Ke8 25. Nc2 Nb6 26.
Rd4 Bc5 27. Rd3 Nd5 28. Kf3 Ra7 29. Be3 Bxe3 30. Nxe3 a4 31. Nxd5 exd5 32.
g4 axb3 33. axb3 fxg4+ 34. Kxg4 Ra2 35. Rh3 h6 36. Rg1 Rb4 37. Kh5 Kf7 38.
f5 Re2 39. f6 Rxe5+ 0-1

[Event "38th Olympiad"]
[Site "Dresden GER"]
[Date "2008.11.21"]
[Round "8"]
[White "Press,S"]
[Black "Bradshaw,K"]
[Result "1/2-1/2"]
[WhiteElo "2090"]
[BlackElo "1835"]
[EventDate "2008.11.13"]

1. e4 c5 2. Nf3 d6 3. d4 cxd4 4. Nxd4 Nf6 5. Nc3 a6 6. Be3 e6 7. Be2 Be7 8.
a4 Nc6 9. O-O O-O 10. Kh1 Bd7 11. Nb3 Rc8 12. f4 Qc7 13. g4 Na5 14. Nxa5
Qxa5 15. g5 Ne8 16. Qe1 Bc6 17. Bf3 Bd8 18. Qf2 Qb4 19. Rfb1 Be7 20. Bd2
Qc4 21. b4 Nc7 22. Kg1 e5 23. f5 Bxg5 24. Bxg5 Qxc3 25. f6 Ne6 26. fxg7
Kxg7 27. Bd2 Qc4 28. Qh4 Rg8 29. Kh1 Kf8 30. Qxh7 Ke7 31. Qh4+ Kd7 32. b5
axb5 33. axb5 Bxb5 34. Rb4 Qc5 35. Qf6 Nd8 36. Bg4+ Rxg4 37. Qf5+ Ke7 38.
Qxg4 Ne6 39. Ra5 Qxc2 40. Bg5+ Nxg5 41. Qxg5+ Kf8 42. Qh6+ Ke7 43. Qg5+ 1/2-1/2

[Event "38th Olympiad"]
[Site "Dresden GER"]
[Date "2008.11.21"]
[Round "8"]
[White "Mas,H"]
[Black "Obodchuk,A"]
[Result "1/2-1/2"]
[WhiteElo "2439"]
[BlackElo "2434"]
[EventDate "2008.11.13"]

1. e4 c5 2. Nf3 d6 3. d4 cxd4 4. Nxd4 Nf6 5. Nc3 Nc6 6. Bg5 e6 7. Qd2 Be7
8. O-O-O Nxd4 9. Qxd4 a6 10. f4 b5 11. Bxf6 gxf6 12. f5 Rb8 13. a3 Qb6 14.
Be2 Qxd4 15. Rxd4 h5 16. Rf1 h4 17. Rd3 Rg8 18. Rf2 Bd8 19. Bh5 Rg5 20. Bf3
Bb6 21. Rf1 Bc7 22. g4 hxg3 23. hxg3 Bb7 24. g4 Ke7 25. Rh1 Rg7 26. Rh6 d5
27. Kb1 dxe4 28. Bxe4 Rxg4 29. Bxb7 Rxb7 30. fxe6 Kxe6 31. Rh8 Rb8 32. Re3+
Kf5 33. Rh1 Be5 34. Nd5 Rd8 35. Rf1+ Kg5 36. Nb4 Rd6 37. Nd3 Re6 38. Nc5
Rc6 39. Nd3 Bh2 40. Rh3 Bc7 41. Rhf3 Kg6 42. Nb4 Rd6 43. Nd3 Re6 44. Nc5
Rc6 45. Nd3 Rg2 46. Nb4 Rd6 47. Nd3 Rg5 48. Nf4+ Kg7 49. Nh3 Rg4 50. Nf2
Rg6 51. Ne4 Rc6 52. c3 Be5 53. Nf2 Re6 54. Nd3 Bd6 55. Ka2 Rg5 56. Kb3 Kg6
57. a4 f5 58. axb5 axb5 59. Nb4 Re2 60. Nd3 Re4 61. Nf2 Re6 62. Rd1 Rg3 63.
Rfd3 Rxd3 64. Rxd3 f4 65. Rd5 f3 66. Rd3 Bc5 67. Rxf3 Bxf2 68. Rxf2 Re4 69.
Rg2+ Kf5 70. Rg8 Kf4 71. Rb8 Re5 72. c4 bxc4+ 1/2-1/2

[Event "38th Olympiad"]
[Site "Dresden GER"]
[Date "2008.11.21"]
[Round "8"]
[White "Bondarets,V"]
[Black "Lee Kim Han,E"]
[Result "1-0"]
[WhiteElo "2345"]
[BlackElo "2054"]
[EventDate "2008.11.13"]

1. Nf3 Nf6 2. c4 g6 3. d4 Bg7 4. g3 O-O 5. Bg2 d6 6. O-O Nc6 7. d5 Na5 8.
Nbd2 c5 9. e4 a6 10. Rb1 b5 11. b3 Rb8 12. Qc2 e5 13. Ne1 Bd7 14. Nd3 Nh5
15. b4 bxc4 16. Nxc5 dxc5 17. bxa5 Rxb1 18. Qxb1 Bb5 19. a4 Bxa4 20. Nxc4
Bb5 21. Qc2 Nf6 22. Bd2 Nd7 23. Rc1 Qc7 24. Bh3 Rb8 25. Bg5 Bf8 26. Qc3 Bd6
27. Bxd7 Bxd7 28. Nxd6 Qxd6 29. Qxc5 Qxc5 30. Rxc5 Bh3 31. f4 Rb2 32. fxe5
Rg2+ 33. Kh1 Re2 34. Rc1 Rxe4 35. Bf6 Ra4 36. Rb1 Rc4 37. Kg1 Rc2 38. Rb8+
Rc8 39. Rb7 Rc2 40. Rb8+ Rc8 41. Rb6 h6 42. Rxa6 g5 43. Rc6 Rb8 44. Rb6 Rc8
45. a6 Rc2 46. a7 Rg2+ 47. Kh1 1-0